[Event "Cto Aragón Equipos Div Honor Gr II"]
[Site "Aragon"]
[Date "2014.02.15"]
[Round "4.19"]
[White "Hernando Garcia, Antonio"]
[Black "Lopez Gracia, Fernando"]
[Result "0-1"]
[WhiteElo "2185"]
[BlackElo "2354"]
[PlyCount "112"]
[EventDate "2014.??.??"]
[EventCountry "ESP"]
[WhiteTeam "El Olivar"]
[BlackTeam "St. Casablanca"]

1. c4 c6 2. Nf3 d5 3. cxd5 cxd5 4. d4 Nf6 5. Nc3 Nc6 6. Bf4 Bf5 7. e3 e6 8. Bb5
Nd7 9. Qa4 Rc8 10. O-O a6 11. Bxc6 Rxc6 12. Rfc1 Be7 13. Nd1 b5 14. Qb3 Qb6 15.
Rxc6 Qxc6 16. Qc3 Qxc3 17. Nxc3 f6 18. Rc1 g5 19. Bg3 Nb6 20. Nd2 Kd7 21. Ncb1
Rc8 22. Rxc8 Kxc8 23. Kf1 Nc4 24. b3 Bd3+ 25. Ke1 Nxd2 26. Nxd2 Kb7 27. Kd1 Kb6
28. f3 Ba3 29. h4 h6 30. hxg5 hxg5 31. Bb8 a5 32. Bh2 a4 33. Bb8 Bb4 34. Bh2
Be7 35. Bg3 Bf8 36. Kc1 Bb4 37. Bb8 Kc6 38. Bh2 Bc3 39. Bb8 e5 40. Ba7 Bb4 41.
dxe5 fxe5 42. e4 d4 43. Bb8 Ba3+ 44. Kd1 Bd6 45. Bxd6 Kxd6 46. bxa4 bxa4 47.
Kc1 a3 48. Nb1 Bxb1 49. Kxb1 Kc5 50. Kc1 Kc4 51. Kc2 d3+ 52. Kd2 Kd4 53. g3 Kc4
54. f4 exf4 55. gxf4 gxf4 56. e5 f3 0-1

[Event "Cto Aragón Equipos Div Honor Gr II"]
[Site "Aragon"]
[Date "2014.02.15"]
[Round "4.20"]
[White "Quintin Navarro, Alberto"]
[Black "Melendez Fierro, Juan Bautista"]
[Result "1-0"]
[WhiteElo "2320"]
[BlackElo "2157"]
[PlyCount "63"]
[EventDate "2014.??.??"]
[EventCountry "ESP"]
[WhiteTeam "St. Casablanca"]
[BlackTeam "El Olivar"]

1. Nf3 e6 2. c4 d5 3. g3 c6 4. Bg2 f5 5. O-O Nf6 6. d3 Bd6 7. Nc3 O-O 8. e4
dxe4 9. dxe4 Bb4 10. e5 Bxc3 11. bxc3 Ne4 12. Qc2 Nd7 13. Ba3 c5 14. Nd4 cxd4
15. cxd4 Re8 16. f3 Ng5 17. h4 Nf7 18. f4 Nb6 19. Rfd1 Bd7 20. Qd3 Ba4 21. Rd2
Rc8 22. Rc1 Rxc4 23. Rxc4 Bb5 24. Rc8 Qxc8 25. Qxb5 Rd8 26. Qc5 Qd7 27. Qe7 Nc4
28. Rd3 Qa4 29. d5 Re8 30. Qb4 Qxb4 31. Bxb4 exd5 32. Bxd5 1-0

[Event "Cto Aragón Equipos Div Honor Gr II"]
[Site "Aragon"]
[Date "2014.02.15"]
[Round "4.21"]
[White "Llanes Luno, Ricardo"]
[Black "Guzman Moneo, Alberto"]
[Result "0-1"]
[WhiteElo "2193"]
[BlackElo "2170"]
[PlyCount "78"]
[EventDate "2014.??.??"]
[EventCountry "ESP"]
[WhiteTeam "Delicias"]
[BlackTeam "Helios"]

1. e4 e5 2. c3 Nf6 3. d4 Nxe4 4. Qe2 d5 5. f3 Nd6 6. dxe5 Nf5 7. Nh3 Nc6 8. g4
Nh4 9. Bf4 h5 10. Nd2 Be7 11. O-O-O Ng6 12. Bg3 Be6 13. gxh5 Rxh5 14. Nf2 Qd7
15. f4 Rh7 16. Nb3 Nh4 17. Qb5 a6 18. Qxb7 Ra7 19. Qxa6 Rxa6 20. Bxa6 Nb8 21.
Be2 Nf5 22. Nd4 Nxd4 23. Rxd4 Bc5 24. Rhd1 Bxd4 25. Rxd4 c5 26. Rd1 Qa4 27. Bd3
g6 28. a3 Nc6 29. Bc2 Qa7 30. Nd3 Bf5 31. Nf2 Bxc2 32. Kxc2 Qa4+ 33. Kc1 Qc4
34. Ng4 Kf8 35. Nf6 Kg7 36. Rxd5 Rh8 37. Rd6 Rd8 38. Kb1 Qb5 39. c4 Qxc4 0-1

[Event "Cto Aragón Equipos Div Honor Gr II"]
[Site "Aragon"]
[Date "2014.02.15"]
[Round "4.22"]
[White "Navarro Alonso, Jorge"]
[Black "Roche Simon, Manuel Angel"]
[Result "1/2-1/2"]
[WhiteElo "2153"]
[BlackElo "2142"]
[PlyCount "51"]
[EventDate "2014.??.??"]
[EventCountry "ESP"]
[WhiteTeam "Helios"]
[BlackTeam "Delicias"]

1. e4 e6 2. d4 d5 3. Nc3 Nf6 4. e5 Nfd7 5. f4 c5 6. Nf3 Nc6 7. Be3 Be7 8. Qd2
a6 9. Be2 b5 10. O-O Qb6 11. Nd1 cxd4 12. Nxd4 Nxd4 13. Bxd4 Bc5 14. c3 f6 15.
Ne3 O-O 16. b4 Bxd4 17. cxd4 Bb7 18. Bg4 f5 19. Be2 Rac8 20. Rac1 h6 21. Rxc8
Rxc8 22. g4 g6 23. h4 Kh8 24. Kh2 Qc7 25. h5 Qc3 26. Rd1 1/2-1/2

[Event "Cto Aragón Equipos Div Honor Gr II"]
[Site "Aragon"]
[Date "2014.02.15"]
[Round "4.23"]
[White "Llanes Luno, Pedro Alfredo"]
[Black "Cerrajeria Ruiz, Jesus Maria"]
[Result "0-1"]
[WhiteElo "2127"]
[BlackElo "2140"]
[PlyCount "90"]
[EventDate "2014.??.??"]
[EventCountry "ESP"]
[WhiteTeam "Delicias"]
[BlackTeam "Helios"]

1. e4 c5 2. Nf3 g6 3. d4 cxd4 4. Nxd4 Bg7 5. Be2 Nf6 6. Nc3 Nc6 7. Nb3 O-O 8.
Be3 d5 9. exd5 Nb4 10. Bf3 Bf5 11. Nd4 Bc8 12. Ndb5 Bf5 13. Rc1 Qa5 14. a3 Na2
15. O-O Nxc1 16. Qxc1 a6 17. Nd4 Bg4 18. Bh6 Bxf3 19. Nxf3 Nxd5 20. Bxg7 Kxg7
21. Qg5 Rfd8 22. Ne4 Qb6 23. c4 Nf6 24. Ng3 e6 25. b4 h6 26. Qe5 Qd6 27. Qb2
Qf4 28. h4 Rac8 29. c5 Rd3 30. Re1 Rcd8 31. Re4 Rd1+ 32. Kh2 Qc1 33. Qe5 Qa1
34. Qc7 R8d7 35. Qb8 Rh1+ 36. Nxh1 Nxe4 37. Ne5 Rd1 38. Ng3 Nxg3 39. Kxg3 Rd5
40. f4 Qxa3+ 41. Nf3 Qxb4 42. c6 Rc5 43. c7 Qc3 44. Qxb7 a5 45. Qe4 Rxc7 0-1

[Event "Cto Aragón Equipos Div Honor Gr II"]
[Site "Aragon"]
[Date "2014.02.15"]
[Round "4.24"]
[White "Aparicio Navarro, Pedro"]
[Black "Naya Sancho, Jose Ignacio"]
[Result "1/2-1/2"]
[WhiteElo "2169"]
[BlackElo "2102"]
[PlyCount "99"]
[EventDate "2014.??.??"]
[EventCountry "ESP"]
[WhiteTeam "Helios"]
[BlackTeam "Delicias"]

1. Nf3 d5 2. c4 c6 3. b3 Nf6 4. g3 Bg4 5. Bg2 Nbd7 6. Bb2 e6 7. O-O Bd6 8. d3
O-O 9. Nbd2 Re8 10. Qc2 e5 11. e4 dxe4 12. dxe4 Qe7 13. h3 Bxf3 14. Nxf3 Ba3
15. Bc3 Bb4 16. Bxb4 Qxb4 17. a3 Qe7 18. b4 b6 19. Nh4 g6 20. Rfd1 Nf8 21. Qc3
N6d7 22. Nf3 a5 23. Qd2 Ra7 24. Rab1 axb4 25. axb4 Ne6 26. Qd6 Nd4 27. Qxe7
Nxf3+ 28. Bxf3 Rxe7 29. Rd6 Re6 30. Rxe6 fxe6 31. Rd1 Kf7 32. Rd6 Rc7 33. Rd1
Ra7 34. Rd6 Rc7 35. Rd1 Ke7 36. Ra1 Nf6 37. Ra8 Ne8 38. c5 bxc5 39. bxc5 Rb7
40. Be2 Nf6 41. f3 Nd7 42. Rc8 Nxc5 43. Rxc6 Nb3 44. Ba6 Ra7 45. Rb6 Nd4 46.
Kf2 Kf6 47. f4 Rc7 48. Rb2 Rc2+ 49. Rxc2 Nxc2 50. Bc4 1/2-1/2

[Event "Cto Aragón Equipos Div Honor Gr II"]
[Site "Aragon"]
[Date "2014.02.15"]
[Round "4.25"]
[White "Ramon Perez, Jose Luis"]
[Black "Gavin Roche, Enrique"]
[Result "0-1"]
[WhiteElo "2238"]
[BlackElo "2243"]
[PlyCount "50"]
[EventDate "2014.??.??"]
[EventCountry "ESP"]
[WhiteTeam "Agrupacion"]
[BlackTeam "ONCE CA Aragon"]

1. e4 e6 2. d4 d5 3. Nc3 Bb4 4. exd5 exd5 5. Bd3 Nf6 6. a3 Bd6 7. Bg5 c6 8. Qf3
Nbd7 9. Nge2 O-O 10. O-O h6 11. Bh4 Qc7 12. h3 Nh7 13. Ng3 Ndf6 14. Nf5 Bxf5
15. Qxf5 g6 16. Qf3 Kg7 17. Bxf6+ Nxf6 18. Ne2 Rae8 19. c4 Ne4 20. h4 Nd2 21.
Qh3 dxc4 22. Bc2 Rxe2 23. Rfe1 Rfe8 24. Rxe2 Rxe2 25. Qc3 Qe7 0-1

[Event "Cto Aragón Equipos Div Honor Gr II"]
[Site "Aragon"]
[Date "2014.02.15"]
[Round "4.26"]
[White "Laliena Solanes, Luis"]
[Black "Carruez Berges, Santiago"]
[Result "0-1"]
[WhiteElo "2147"]
[BlackElo "2144"]
[PlyCount "184"]
[EventDate "2014.??.??"]
[EventCountry "ESP"]
[WhiteTeam "ONCE CA Aragon"]
[BlackTeam "Agrupacion"]

1. d4 g6 2. e4 Bg7 3. Nc3 d6 4. Bg5 c6 5. Qd2 Nf6 6. Bd3 h6 7. Bh4 Qb6 8. Nge2
e5 9. dxe5 dxe5 10. O-O-O Nbd7 11. Bg3 Nh5 12. Bc4 O-O 13. f3 Nxg3 14. hxg3 Qc5
15. Bb3 Qe7 16. Rh2 Nc5 17. Rdh1 a5 18. Rxh6 Nxb3+ 19. axb3 Rd8 20. Qe3 Bxh6
21. Qxh6 Qf6 22. f4 Qg7 23. Qh4 Be6 24. fxe5 Qxe5 25. Qh7+ Kf8 26. Nf4 Qg5 27.
Kb1 Ke7 28. Rf1 Rf8 29. Qg7 Rad8 30. e5 Qg4 31. Qf6+ Ke8 32. Ne4 Rd1+ 33. Rxd1
Qxd1+ 34. Ka2 a4 35. Nd6+ Kd7 36. Nxe6 axb3+ 37. Kxb3 Qd5+ 38. Kc3 Qxe6 39.
Nxb7 Qxf6 40. Nc5+ Ke7 41. exf6+ Kxf6 42. Kd2 Rb8 43. b3 Rb5 44. Ne4+ Ke6 45.
g4 Rb4 46. Ke3 Ke5 47. Nc5 Rxg4 48. Kf3 Rf4+ 49. Ke3 Rf1 50. Ke2 Rb1 51. Nd3+
Kf6 52. Nb4 Rg1 53. Nxc6 Rxg2+ 54. Ke3 Ke6 55. b4 Kd6 56. Nd4 f5 57. Ne2 g5 58.
c4 Ke5 59. b5 Rh2 60. b6 Rh3+ 61. Kf2 Kd6 62. Nd4 f4 63. b7 Kc7 64. Ne6+ Kxb7
65. Nxg5 Rc3 66. Ke2 Re3+ 67. Kd2 Re7 68. Kd3 Kc6 69. Kd4 Re1 70. Nf3 Re2 71.
Ng5 Kd7 72. Nf3 Ke6 73. c5 Kf5 74. c6 Rc2 75. Kd3 Rc5 76. Nd4+ Ke5 77. Nf3+ Kd5
78. Ng5 Rxc6 79. Ke2 Rc3 80. Kf2 Ke5 81. Nf3+ Ke4 82. Nd2+ Kf5 83. Nf3 Rc2+ 84.
Kg1 Ra2 85. Kf1 Kg4 86. Nd4 f3 87. Kg1 Kf4 88. Kf1 Rd2 89. Nb3 Rb2 90. Nd4 Kg4
91. Kg1 Rb4 92. Nc2 Rb1+ 0-1

[Event "Cto Aragón Equipos Div Honor Gr II"]
[Site "Aragon"]
[Date "2014.02.15"]
[Round "4.27"]
[White "Martinez Asensio, Juan Miguel"]
[Black "Fuertes Garay, Javier"]
[Result "0-1"]
[WhiteElo "2095"]
[BlackElo "2097"]
[PlyCount "80"]
[EventDate "2014.??.??"]
[EventCountry "ESP"]
[WhiteTeam "Agrupacion"]
[BlackTeam "ONCE CA Aragon"]

1. c4 Nf6 2. g3 c5 3. Bg2 Nc6 4. Nc3 e6 5. Nf3 d5 6. cxd5 exd5 7. d4 h6 8. O-O
Be6 9. Be3 c4 10. Ne5 Rc8 11. b3 Bb4 12. Rc1 Qa5 13. Na4 b5 14. Nxc6 Rxc6 15.
Nc5 O-O 16. bxc4 bxc4 17. h3 c3 18. Qc2 Re8 19. g4 Nd7 20. Nd3 Ba3 21. Rb1 Rec8
22. Rb3 Nf6 23. Ne5 R6c7 24. f4 Ne4 25. f5 Bd7 26. Nxd7 Rxd7 27. Bxe4 dxe4 28.
f6 Bf8 29. Rfb1 Qc7 30. Qxe4 Qg3+ 31. Kf1 Qxh3+ 32. Ke1 Qh4+ 33. Bf2 Qxf6 34.
Rb8 Rdc7 35. Qa8 Qe6 36. e3 Qxa2 37. Rxc8 Qxb1+ 38. Ke2 c2 39. Rxf8+ Kh7 40.
Kf3 Qh1+ 0-1

[Event "Cto Aragón Equipos Div Honor Gr II"]
[Site "Aragon"]
[Date "2014.02.15"]
[Round "4.28"]
[White "Cobo Garrido, Diego Israel"]
[Black "Larrosa Poves, Jose Manuel"]
[Result "1-0"]
[WhiteElo "2045"]
[BlackElo "1990"]
[PlyCount "127"]
[EventDate "2014.??.??"]
[EventCountry "ESP"]
[WhiteTeam "ONCE CA Aragon"]
[BlackTeam "Agrupacion"]

1. e4 c5 2. Nf3 e6 3. d3 d5 4. Qe2 Be7 5. g3 dxe4 6. dxe4 b6 7. e5 Qc7 8. Bg2
Ba6 9. c4 Bb7 10. Nc3 a6 11. O-O Nc6 12. Bf4 Rd8 13. Rad1 Nd4 14. Nxd4 cxd4 15.
Ne4 Bxe4 16. Bxe4 g5 17. Bc1 h5 18. b3 Nh6 19. Bg2 Nf5 20. Qe4 Kf8 21. Rfe1 a5
22. Qc6 Qxc6 23. Bxc6 Bb4 24. Re4 Rg8 25. Rd3 g4 26. Re2 Kg7 27. Be4 f6 28. Bf4
Ne7 29. exf6+ Kxf6 30. Bc7 Bc5 31. Bxd8 Rxd8 32. Kg2 e5 33. h3 Nf5 34. hxg4
hxg4 35. Bd5 Re8 36. Re4 Kg5 37. Re1 Nd6 38. Be4 Bb4 39. Re2 Bc5 40. f3 Re7 41.
Rd1 gxf3+ 42. Kxf3 Rf7+ 43. Kg2 Nxe4 44. Rxe4 Kf5 45. Rde1 Bd6 46. g4+ Kg5 47.
Rf1 Rxf1 48. Kxf1 Kh4 49. Ke2 Kg5 50. Kf3 Kh4 51. Re2 Kg5 52. Rg2 Bc7 53. Ke4
Bb8 54. Rf2 Kxg4 55. Rg2+ Kh3 56. Rg8 Bd6 57. Rg6 Bc7 58. Rc6 Bd8 59. Kxe5 Kg3
60. Kxd4 Kf3 61. Re6 Bg5 62. Kd5 Be3 63. Kc6 Bc5 64. Kb5 1-0

[Event "Cto Aragón Equipos Div Honor Gr II"]
[Site "Aragon"]
[Date "2014.02.15"]
[Round "4.29"]
[White "Salamero Pelay, Fernando"]
[Black "Fernandez Rubio, Rafael"]
[Result "1-0"]
[WhiteElo "2149"]
[BlackElo "2021"]
[PlyCount "63"]
[EventDate "2014.??.??"]
[EventCountry "ESP"]
[WhiteTeam "Club atletismo Huesca"]
[BlackTeam "Tauste"]

1. e4 d6 2. d4 Nf6 3. Nc3 Nbd7 4. Nf3 e5 5. g4 h6 6. g5 hxg5 7. Nxg5 exd4 8.
Qxd4 Nb6 9. Bf4 Nh5 10. Be3 Be7 11. Rg1 Bf6 12. Qd2 g6 13. O-O-O Ng7 14. f4 Be6
15. e5 dxe5 16. Qf2 Nd7 17. Nce4 Bxg5 18. fxg5 Nh5 19. Bb5 c6 20. Bc5 Qc7 21.
Nd6+ Kd8 22. Nxf7+ Bxf7 23. Qxf7 Kc8 24. Bd6 Qa5 25. Bxe5 Rd8 26. Qe6 cxb5 27.
Rd3 Ng7 28. Bxg7 Qb6 29. Rc3+ Kb8 30. Be5+ Nxe5 31. Qxe5+ Qd6 32. Rd1 1-0

[Event "Cto Aragón Equipos Div Honor Gr II"]
[Site "Aragon"]
[Date "2014.02.15"]
[Round "4.30"]
[White "Sierra Aguerri, Joaquin"]
[Black "Luis Vitalla, Fernando"]
[Result "1/2-1/2"]
[WhiteElo "2018"]
[BlackElo "2135"]
[PlyCount "115"]
[EventDate "2014.??.??"]
[EventCountry "ESP"]
[WhiteTeam "Tauste"]
[BlackTeam "Club atletismo Huesca"]

1. e4 c5 2. Nc3 e6 3. f4 d5 4. exd5 exd5 5. Bb5+ Nc6 6. Nf3 Nf6 7. Ne5 Bd7 8.
Qf3 Nd4 9. Bxd7+ Qxd7 10. Qf2 Qc7 11. d3 Bd6 12. O-O O-O 13. h3 Rfe8 14. Be3 a6
15. Rae1 b5 16. Kh1 b4 17. Na4 Ne6 18. b3 Rac8 19. Re2 d4 20. Bd2 Nd5 21. Rfe1
Nexf4 22. Bxf4 Nxf4 23. Qxf4 f6 24. Qf3 Bxe5 25. Nb2 Qc6 26. Re4 Re6 27. Nc4
Rce8 28. Qe2 Qc7 29. Qf3 R6e7 30. g4 h6 31. R1e2 Qd7 32. Kg2 Kh7 33. Kf1 Bd6
34. Rxe7 Rxe7 35. Rxe7 Qxe7 36. Qe4+ Qxe4 37. dxe4 Bc7 38. Kg2 Kg6 39. Nd2 h5
40. Nf3 hxg4 41. hxg4 Kf7 42. Kf1 Ke6 43. Ke2 g6 44. Kd3 Bd6 45. Nh4 g5 46. Nf3
Bf8 47. Kc4 Be7 48. Kd3 Kd6 49. Kd2 Bf8 50. Ke2 Be7 51. Kd1 Bd8 52. Kc1 Be7 53.
Kb2 Kc6 54. Nd2 Bd8 55. Nc4 Be7 56. Kc1 Bd6 57. Kd1 Be5 58. Ke2 1/2-1/2

[Event "Cto Aragón Equipos Div Honor Gr II"]
[Site "Aragon"]
[Date "2014.02.15"]
[Round "4.31"]
[White "Gella Lopez, Angel"]
[Black "Sancho Casale, Jesus"]
[Result "1-0"]
[WhiteElo "2084"]
[BlackElo "1968"]
[PlyCount "113"]
[EventDate "2014.??.??"]
[EventCountry "ESP"]
[WhiteTeam "Club atletismo Huesca"]
[BlackTeam "Tauste"]

1. Nf3 Nf6 2. c4 e6 3. d4 Bb4+ 4. Bd2 Qe7 5. g3 Nc6 6. Bg2 Bxd2+ 7. Nbxd2 d6 8.
O-O O-O 9. e4 e5 10. d5 Nb8 11. b4 a5 12. a3 Na6 13. Rb1 Bd7 14. Qe2 c6 15.
Rfc1 axb4 16. axb4 c5 17. bxc5 Nxc5 18. Ra1 h6 19. Ne1 Bg4 20. f3 Bh5 21. Bh3
Qc7 22. Rcb1 Nfd7 23. Kg2 g5 24. Nd3 Bg6 25. Nxc5 Nxc5 26. Qe3 Rxa1 27. Rxa1 f5
28. exf5 Bxf5 29. Bxf5 Rxf5 30. Ra8+ Kg7 31. Ne4 Nxe4 32. Qxe4 Rf6 33. h4 Qf7
34. hxg5 hxg5 35. Ra7 Qe7 36. Qg4 Rf7 37. Ra8 Qf6 38. Re8 Re7 39. Rc8 Rf7 40.
Qh5 Rf8 41. Rc7+ Rf7 42. Rxf7+ Qxf7 43. Qxg5+ Qg6 44. Qxg6+ Kxg6 45. Kf2 Kg5
46. Ke3 Kf5 47. Kd3 Kf6 48. Ke4 Kg5 49. f4+ exf4 50. gxf4+ Kf6 51. Kd4 b6 52.
Ke4 Kg6 53. Kd4 Kf6 54. Kc3 Kf5 55. Kb4 Kxf4 56. Kb5 Ke5 57. Kxb6 1-0

[Event "Cto Aragón Equipos Div Honor Gr II"]
[Site "Aragon"]
[Date "2014.02.15"]
[Round "4.32"]
[White "Muro Turon, Raul"]
[Black "Laplaza Ara, Carlos"]
[Result "1/2-1/2"]
[WhiteElo "1870"]
[BlackElo "1988"]
[PlyCount "54"]
[EventDate "2014.??.??"]
[EventCountry "ESP"]
[WhiteTeam "Tauste"]
[BlackTeam "Club atletismo Huesca"]

1. e4 c5 2. Nf3 d6 3. Bb5+ Bd7 4. Bxd7+ Qxd7 5. O-O Nc6 6. Re1 Nf6 7. d3 e6 8.
Nc3 Be7 9. h3 a6 10. d4 cxd4 11. Nxd4 O-O 12. a4 Qc7 13. Be3 Rfd8 14. f4 Nd7
15. f5 Nxd4 16. Bxd4 Bf6 17. fxe6 fxe6 18. Ne2 d5 19. exd5 exd5 20. c3 Bxd4+
21. Nxd4 Nf6 22. Qb3 Re8 23. Rad1 Qd7 24. a5 Rxe1+ 25. Rxe1 Re8 26. Rxe8+ Qxe8
27. Qxb7 Qe1+ 1/2-1/2

[Event "Cto Aragón Equipos Pref Gr I"]
[Site "Aragón"]
[Date "2014.02.15"]
[Round "4.33"]
[White "Gracia Suarez, Jesus"]
[Black "Donoso Sanchez, Alejandro"]
[Result "1-0"]
[WhiteElo "2115"]
[BlackElo "2212"]
[PlyCount "57"]
[EventDate "2014.??.??"]
[EventRounds "9"]
[EventCountry "ESP"]
[WhiteTeam "Sta Isabel"]
[BlackTeam "CMU Pedro Cerbuna"]

1. e4 c5 2. Nf3 e6 3. d4 cxd4 4. Nxd4 a6 5. Nc3 Qc7 6. g3 Nf6 7. Bg2 Nc6 8. O-O
h5 9. Bf4 e5 10. Nd5 Nxd5 11. exd5 Ne7 12. Nb5 axb5 13. d6 Qc5 14. Be3 Qb4 15.
dxe7 Bxe7 16. Bd5 d6 17. Qf3 Bf6 18. Bc6+ Ke7 19. Bxb7 Bg4 20. Qc6 Bd7 21. Qb6
Rab8 22. Rfd1 Rxb7 23. Qxb7 Rc8 24. a4 Rxc2 25. axb5 Qxb5 26. Ra7 Rxb2 27. Qc7
Rb1 28. Qxd6+ Ke8 29. Qxd7+ 1-0

[Event "Cto Aragón Equipos Pref Gr I"]
[Site "Aragón"]
[Date "2014.02.15"]
[Round "4.34"]
[White "Gella Bitrian, Diego"]
[Black "Garcia Gracia, Victor Hugo"]
[Result "1-0"]
[WhiteElo "2054"]
[BlackElo "1980"]
[PlyCount "77"]
[EventDate "2014.??.??"]
[EventRounds "9"]
[EventCountry "ESP"]
[WhiteTeam "CMU Pedro Cerbuna"]
[BlackTeam "Sta Isabel"]

1. g3 g6 2. Bg2 Bg7 3. Nf3 d6 4. d4 Nd7 5. O-O Ngf6 6. c4 O-O 7. Nc3 c6 8. e4
Qc7 9. Re1 e5 10. h3 Rd8 11. Be3 Nf8 12. Qc2 Ne8 13. Rad1 Be6 14. d5 Bc8 15. b4
b6 16. dxc6 Qxc6 17. Nd5 Kh8 18. Qb3 Ne6 19. Nd2 Bb7 20. Nb1 N8c7 21. Nbc3 b5
22. Bf1 bxc4 23. Bxc4 f5 24. f3 f4 25. gxf4 exf4 26. Nxf4 Nxf4 27. Bxf4 Rf8 28.
Rxd6 Qe8 29. Ne2 Rxf4 30. Nxf4 Qe5 31. Nxg6+ hxg6 32. Rxg6 Qh5 33. Rg2 Rf8 34.
Rf1 Rf4 35. Qe3 Rh4 36. Rd1 Rxh3 37. Rd8+ Ne8 38. Qg5 Rh1+ 39. Kf2 1-0

[Event "Cto Aragón Equipos Pref Gr I"]
[Site "Aragón"]
[Date "2014.02.15"]
[Round "4.35"]
[White "Diaz Boils, Ximo"]
[Black "Colom Sienes, Eduardo"]
[Result "0-1"]
[WhiteElo "1975"]
[BlackElo "2042"]
[PlyCount "62"]
[EventDate "2014.??.??"]
[EventRounds "9"]
[EventCountry "ESP"]
[WhiteTeam "Sta Isabel"]
[BlackTeam "CMU Pedro Cerbuna"]

1. e4 e6 2. d4 d5 3. Nc3 Bb4 4. e5 c5 5. Qg4 g6 6. a3 Bxc3+ 7. bxc3 Qa5 8. Bd2
Qa4 9. Kd1 Nc6 10. Nf3 Bd7 11. h4 O-O-O 12. h5 Nge7 13. Qf4 cxd4 14. Bd3 Kb8
15. cxd4 Rdf8 16. Ke2 g5 17. Qxg5 Rhg8 18. Qf4 Rxg2 19. Rhb1 Ka8 20. Rb2 Nf5
21. Kf1 Rfg8 22. Bb5 Qxd4 23. Nxd4 Ncxd4 24. Ke1 Bxb5 25. Be3 R8g4 26. Qxg4
Rxg4 27. Kd2 Nf3+ 28. Kc3 d4+ 29. Kb4 dxe3+ 30. Kxb5 a6+ 31. Kb6 e2 0-1

[Event "Cto Aragón Equipos Pref Gr I"]
[Site "Aragón"]
[Date "2014.02.15"]
[Round "4.36"]
[White "Biarge Carnicer, Arturo"]
[Black "Perez Boy, Pedro"]
[Result "0-1"]
[WhiteElo "1898"]
[BlackElo "1829"]
[PlyCount "76"]
[EventDate "2014.??.??"]
[EventRounds "9"]
[EventCountry "ESP"]
[WhiteTeam "CMU Pedro Cerbuna"]
[BlackTeam "Sta Isabel"]

1. e4 Nf6 2. Nc3 e5 3. Bc4 Be7 4. d3 d6 5. f4 Nc6 6. Nf3 exf4 7. Bxf4 Na5 8.
Bb3 Nxb3 9. axb3 a6 10. Qd2 O-O 11. O-O c6 12. Ne2 Ne8 13. Ng3 g6 14. Bh6 Ng7
15. Kh1 f6 16. Qc3 Rf7 17. Ng5 Rf8 18. Rae1 d5 19. exd5 cxd5 20. Bxg7 Kxg7 21.
Ne6+ Bxe6 22. Rxe6 Rc8 23. Qe1 Rf7 24. c3 Qd7 25. c4 Bd6 26. Re2 Qg4 27. Rf3
Rcc7 28. h3 Qd7 29. Qa5 Be5 30. Nf1 Bd4 31. Ne3 Re7 32. Qxd5 Qxd5 33. Nxd5 Rxe2
34. Nxc7 Re1+ 35. Kh2 Be5+ 36. g3 Bxc7 37. Rf2 Be5 38. Rd2 Re3 0-1

[Event "Cto Aragón Equipos Pref Gr I"]
[Site "Aragón"]
[Date "2014.02.15"]
[Round "4.38"]
[White "Buil Rello, Jose Antonio"]
[Black "Del Corral Abancens, Alfonso"]
[Result "0-1"]
[WhiteElo "1907"]
[BlackElo "1895"]
[PlyCount "94"]
[EventDate "2014.??.??"]
[EventRounds "9"]
[EventCountry "ESP"]
[WhiteTeam "Jaime Casas B"]
[BlackTeam "Shatranj"]

1. e4 c5 2. Nf3 d6 3. d4 cxd4 4. Nxd4 Nf6 5. f3 g6 6. c4 Bg7 7. Nc3 O-O 8. Be3
Nc6 9. Qd2 Nxd4 10. Bxd4 Qa5 11. Rc1 Be6 12. Be2 Rfc8 13. b3 Bd7 14. Be3 a6 15.
Nd5 Qxd2+ 16. Kxd2 Nxd5 17. cxd5 Bb2 18. Rc2 Ba3 19. Bd4 Rxc2+ 20. Kxc2 Rc8+
21. Kb1 b5 22. Rd1 a5 23. Bb2 Bxb2 24. Kxb2 b4 25. Rc1 f5 26. Rxc8+ Bxc8 27. a4
Kf7 28. Kc2 Kf6 29. Bc4 Ke5 30. Kd3 f4 31. Bb5 g5 32. Be8 e6 33. Kc4 Ba6+ 34.
Bb5 exd5+ 35. exd5 Bc8 36. Bc6 h5 37. Kb5 Kd4 38. Kxa5 Kc3 39. Kb6 Kxb3 40. Be8
Kc4 41. a5 Kxd5 42. Kb5 b3 43. Bf7+ Be6 44. Bg6 Kd4 45. Kb4 Bc4 46. a6 Bxa6 47.
Kxb3 h4 0-1

[Event "Cto Aragón Equipos Pref Gr I"]
[Site "Aragón"]
[Date "2014.02.15"]
[Round "4.39"]
[White "Ballonga Arruebo, Alejandro"]
[Black "Salas Latorre, Jose"]
[Result "0-1"]
[WhiteElo "1696"]
[BlackElo "1798"]
[PlyCount "44"]
[EventDate "2014.??.??"]
[EventRounds "9"]
[EventCountry "ESP"]
[WhiteTeam "Shatranj"]
[BlackTeam "Jaime Casas B"]

1. c4 e6 2. Nc3 d5 3. cxd5 exd5 4. d4 Nf6 5. Bg5 Nbd7 6. Nxd5 Nxd5 7. Qb3 Qxg5
8. Nf3 Qf5 9. e4 Qxe4+ 10. Be2 Bb4+ 11. Kd1 c6 12. Bd3 Qg4 13. Qc2 Qxg2 14.
Qe2+ Kf8 15. Rg1 Qh3 16. Ng5 Qh6 17. a3 Be7 18. Nxh7+ Rxh7 19. Bxh7 Qxh7 20.
Kd2 N7f6 21. Rae1 Qh6+ 22. Kd1 Qf4 0-1

[Event "Cto Aragón Equipos Pref Gr I"]
[Site "Aragón"]
[Date "2014.02.15"]
[Round "4.40"]
[White "Olivan Alvira, Alejandro"]
[Black "Santos Hernandez, Higinio"]
[Result "1/2-1/2"]
[WhiteElo "1551"]
[BlackElo "1660"]
[PlyCount "50"]
[EventDate "2014.??.??"]
[EventRounds "9"]
[EventCountry "ESP"]
[WhiteTeam "Jaime Casas B"]
[BlackTeam "Shatranj"]

1. Nf3 c5 2. c4 Nc6 3. Nc3 Nf6 4. e3 e6 5. d4 cxd4 6. exd4 d5 7. Bf4 Bb4 8. Bd2
Bxc3 9. bxc3 dxc4 10. Ne5 Bd7 11. Nxd7 Qxd7 12. Bxc4 O-O 13. Be3 Rac8 14. Qd3
a6 15. O-O b5 16. Bb3 Ne5 17. Qc2 Nc4 18. a3 Qc7 19. Bxc4 Qxc4 20. Rfc1 Nd5 21.
Bd2 a5 22. Qa2 Qd3 23. Qc2 Qc4 24. Qa2 Qd3 25. Qc2 Qc4 1/2-1/2

[Event "Cto Aragón Equipos Pref Gr I"]
[Site "Aragón"]
[Date "2014.02.15"]
[Round "4.41"]
[White "Faro Perella, Alberto"]
[Black "Mimbela Lopez, Luis"]
[Result "1-0"]
[WhiteElo "1938"]
[BlackElo "2084"]
[PlyCount "59"]
[EventDate "2014.??.??"]
[EventRounds "9"]
[EventCountry "ESP"]
[WhiteTeam "Binefar"]
[BlackTeam "Agrupacion B"]

1. d4 Nf6 2. Nf3 g6 3. c4 Bg7 4. Nc3 O-O 5. e4 d6 6. h3 e5 7. d5 Nbd7 8. Be3 a5
9. Be2 Nc5 10. Qc2 Nfd7 11. g4 f5 12. gxf5 gxf5 13. exf5 Nf6 14. Bxc5 dxc5 15.
O-O-O Nh5 16. Bd3 Nf4 17. Be4 Kh8 18. Kb1 h6 19. Rhg1 Nxh3 20. Rg3 Nf4 21. Rh1
Qe7 22. Rhg1 Bf6 23. Qd2 Kh7 24. Qe3 Bd7 25. Rg6 Rg8 26. Ng5+ Bxg5 27. f6 Nxg6
28. Qxg5 Be8 29. d6 Bf7 30. dxe7 1-0

[Event "Cto Aragón Equipos Pref Gr I"]
[Site "Aragón"]
[Date "2014.02.15"]
[Round "4.42"]
[White "Zubialde Ayala, Gonzalo"]
[Black "Arino Castan, Federico"]
[Result "1/2-1/2"]
[WhiteElo "1731"]
[BlackElo "1778"]
[PlyCount "40"]
[EventDate "2014.??.??"]
[EventRounds "9"]
[EventCountry "ESP"]
[WhiteTeam "Agrupacion B"]
[BlackTeam "Binefar"]

1. e4 e6 2. Nf3 d5 3. exd5 exd5 4. d4 Nf6 5. c4 Be7 6. Nc3 O-O 7. Bg5 c6 8.
cxd5 Nxd5 9. Bxe7 Qxe7+ 10. Qe2 Qb4 11. Qd2 Re8+ 12. Be2 Be6 13. O-O Nd7 14.
Rfe1 Rad8 15. a3 Qb6 16. Bc4 Nf8 17. Nxd5 Bxd5 18. Rxe8 Rxe8 19. Bxd5 cxd5 20.
Re1 Ne6 1/2-1/2